[Event "Capablanca Memorial op-B 48th"]
[Site "Havana"]
[Date "2013.04.29"]
[Round "8"]
[White "Barros Tuapante, Daysi"]
[Black "Sanchez Ones, Yeny"]
[Result "0-1"]
[WhiteElo "1368"]
[BlackElo "2043"]
[PlyCount "90"]
[EventDate "2013.04.21"]
[EventType "swiss"]
[EventRounds "9"]
[EventCountry "CUB"]
[SourceTitle "CBM 154 Extra"]
[Source "ChessBase"]
[SourceDate "2013.06.25"]
[SourceVersion "2"]
[SourceVersionDate "2013.06.25"]
[SourceQuality "1"]

1. e4 c5 2. b4 cxb4 3. d4 d6 4. Nf3 Nf6 5. Bd3 g6 6. e5 Nd5 7. Ng5 dxe5 8. dxe5 h6 9. Nxf7 Kxf7 10. Qf3+ Kg7 11. Bb2 e6 12. h4 Bc5 13. Qg4 Qe8 14. h5 g5 15. 0-0 Nf4 16. Be2 Nxe2+ 17. Qxe2 Rf8 18. a3 bxa3 19. Nxa3 Bd7 20. c4 a6 21. Rad1 Bc6 22. Bc1 Nd7 23. Rd3 Qe7 24. Nc2 b5 25. Rg3 bxc4 26. Be3 Bxe3 27. Rxe3 Bb5 28. Rc3 Rf5 29. Qe4 Rh8 30. Nd4 Rhf8 31. Nxf5+ exf5 32. Qd4 Qxe5 33. Qd2 Nc5 34. Re3 Ne4 35. Qc2 Qc7 36. Rfe1 Rf7 37. f3 Nd6 38. Qc3+ Kg8 39. Re6 Qc5+ 40. Kh2 Rg7 41. Qf6 Nf7 42. Re7 Qc6 43. Qxf5 Qd6+ 44. Kh3 g4+ 45. Kh4 Qh2# 0-1